Ley del impuesto sobre la renta 1998 y su complementación jurídica y administrativa /

Esta obra en dos volúmenes surge en el marco del Convenio de Colaboración Administrativa en Materia Fiscal Federal, firmada en 1997 entre ambos niveles de gobierno, federal y estatal. Presenta en su estructuración básica los contenidos textuales de los preceptos de la ley del impuesto sobre la renta...

Descripción completa

Guardado en:
Detalles Bibliográficos
Autor principal: Gutiérrez, Pedro (autor)
Otros autores: Palomera Aguilar, José Amador (autor) (autor)
Formato: Libro
Idioma:Español
Temas:
Etiquetas: Agrega una etiqueta
Sin etiquetas, Sé el primero en etiquetar este registro!

MARC

LEADER 00000nam^a2200000^a^4500
001 000156961
005 20250521000000.0
009 20260310100521.841
020 |a 970-674-034-1 
037 |a Acervo ITESO - Biblioteca 
041 |a ESP 
082 |a 343. 72052  |b GUT 
100 |a Gutiérrez, Pedro  |e (autor) 
245 1 0 |a Ley del impuesto sobre la renta 1998 y su complementación jurídica y administrativa /  |c P.Gutiérrez, J.A. Palomera Aguilar. 
264 |a Guadalajara, México :  |b Instituto para el Desarrollo Técnico de las Haciendas Públicas,  |c 1999 
300 |a 2 v. 1023 p. 
336 |a texto  |b txt  |2 rdacontenido 
337 |a sin mediación  |b n  |2 rdamedio 
338 |a volumen  |b nc  |2 rdasoporte 
520 |a Esta obra en dos volúmenes surge en el marco del Convenio de Colaboración Administrativa en Materia Fiscal Federal, firmada en 1997 entre ambos niveles de gobierno, federal y estatal. Presenta en su estructuración básica los contenidos textuales de los preceptos de la ley del impuesto sobre la renta vigente en 1998. Asimismo, presenta una vinculación sistemática a cada precepto legal, una recopilación sistemática de conceptos, normas reglamentarias, preceptos jurídicos, criterios y reglas administrativas, y resoluciones de tribunales. El objetivo es auxiliar a los responsables de realizar los procedimientos de revisión del cumplimiento de las obligaciones fiscales. 
649 |a XX 
650 |a Impuestos sobre la Renta -  |z México -  |x Leyes y Reglamentos -  |x Tema Principal 
650 |a Derecho Fiscal -  |z México -  |x Leyes y Reglamentos 
650 |a Derecho Financiero -  |z México -  |x Leyes y Reglamentos 
650 |a Derecho Público -  |z México -  |x Leyes y Reglamentos 
650 |a México -  |x Leyes y Reglamentos 
700 |a Palomera Aguilar, José Amador  |e (autor) 
910 |a Fondo General 
920 |a Impresos - Libros 
930 |a Colección General 
905 |a 101 
901 |a 0500084059  |b IT1  |c ACC  |u 20250521 
901 |a 0500084054  |b IT1  |c ACC  |u 20250521 
902 |a https://opac.biblio.iteso.mx/vufind/Record/000156961